[Event "20th Heraklion IT Open 2017"]
[Site "Heraklion"]
[Date "2017.04.23"]
[Round "8"]
[White "Maris, Ioannis"]
[Black "Moshovakis, Aggelos"]
[Result "0-1"]
[WhiteElo "1967"]
[BlackElo "2030"]
[Annotator "NA RC"]
[PlyCount "74"]
[EventDate "2017.??.??"]
[EventType "swiss"]
[EventCountry "GRE"]
[SourceTitle "playchess.com"]
[Source "ChessBase"]
[SourceQuality "1"]
[TimeControl "40/5400+30:1800+30"]

{[%evp 8,74,0,33,20,7,20,0,23,28,16,22,48,32767,29,32767,32767,32767,32767,24,17,32767,32767,32767,32767,32767,25,30,69,29,39,-30,0,-5,0,32767,-5,-10,0,-3,32767,0,8,16,52,0,32767,0,11,-16,0,32767,-12,-15,32767,32767,32767,32767,-279,-265,-276,-238,32767,32767,32767,-620,-668,32767,-623]} 1. e4 {[%emt 0:00:00]} e5 {[%emt 0:00:03]} 2. Nf3 {[%emt 0:00:26]} Nc6 {[%emt 0:00:04]} 3. Bc4 {[%emt 0:00:52]} Bc5 {[%emt 0:00:06]} 4. c3 {[%emt 0:01:19]} Nf6 {[%emt 0:00:09]} 5. d3 {[%emt 0:05:35]} O-O {[%emt 0:00:09]} ({But not} 5... d5 6. exd5 Nxd5 7. Qb3 $16) 6. b4 {[%emt 0:06:40]} Bb6 {[%emt 0:00:04]} 7. Bg5 {[%emt 0:01:41] LiveBook: 4 Games} h6 {[%emt 0:01:18]} 8. Bh4 {[%emt 0:00:54]} d6 {[%emt 0:01:01]} 9. Nbd2 {[%emt 0:05:10]} Be6 {[%emt 0:02:45]} 10. Qb3 {[%emt 0:04:45]} Qe7 {[%emt 0:01:13]} 11. a4 {[%emt 0:03:25]} a5 {[%emt 0:05:50]} 12. b5 {[%emt 0:00:45]} Nb8 {[%emt 0:00:05]} 13. O-O {[%emt 0:05:51]} Nbd7 {[%emt 0:00:33]} 14. Rad1 {[%emt 0:03:15]} c6 {[%emt 0:08:35]} 15. Bxf6 {[%emt 0:11:31]} Qxf6 {[%emt 0:00:21]} 16. d4 {[%emt 0:00:23]} exd4 {[%emt 0:46:43]} 17. cxd4 {[%emt 0:00:57]} Qg6 {[%emt 0:05:39]} 18. bxc6 {[%emt 0:09:12]} bxc6 {[%emt 0:00:08]} 19. d5 {[%emt 0:04:58]} (19. Bxe6 $14 Qxe6 20. Rb1) 19... cxd5 {[%emt 0:00:15]} ({But not} 19... Bh3 $2 20. Nh4 Qg4 21. Qxh3 $18) 20. exd5 {[%emt 0:06:05]} Bg4 {[%emt 0:00:11]} 21. h3 {[%emt 0:00:34]} Bxf3 {[%emt 0:01:58]} ({Don't capture} 21... Bxh3 $2 22. Nh4 Qg4 23. Qxh3 $18) 22. Nxf3 {[%emt 0:00:15]} Rab8 {[%emt 0:00:09]} 23. Bb5 {[%emt 0:01:13]} Bc5 {[%emt 0:01:34]} 24. Nd4 {[%emt 0:03:17]} Bxd4 {[%emt 0:02:52]} 25. Rxd4 {[%emt 0:00:38]} Rfc8 {[%emt 0:00:33]} 26. Rg4 {[%emt 0:03:21]} Qf6 {[%emt 0:00:36]} 27. Qd1 {[%emt 0:02:25]} Ne5 {[%emt 0:00:30]} 28. Re4 {[%emt 0:00:49]} Qf5 {[%emt 0:00:49]} 29. Qe2 {[%emt 0:00:01]} Rc5 {[%emt 0:00:51]} 30. f4 {[%emt 0:03:36]} Ng6 {[%emt 0:00:07]} 31. Bc6 {[%emt 0:00:08]} Qf6 {[%emt 0:01:24]} 32. Kh1 {[%emt 0:01:48]} Rb2 {[%emt 0:00:21]} 33. Re8+ {[%emt 0:06:17]} Kh7 {[%emt 0:00:08]} 34. Qe4 {[%emt 0:01:55]} Rcc2 {[%emt 0:00:32]} 35. f5 {[%emt 0:01:35]} Nh4 {[%emt 0:00:51]} 36. Rg1 {[%emt 0:03:00]} Nxg2 {[%emt 0:03:14]} ({Weaker is} 36... Nxf5 37. Bd7 Rf2 38. Ra8 $17) 37. Rb8 {[%emt 0:01:47]} Re2 $19 {[%emt 0:00:59]} (37... Nh4 $142 38. Rxg7+ Kxg7 39. Qg4+ Ng6 40. Rxb2 Qxb2 41. Qg1 Qe5 42. f6+ Qxf6 43. Qg2 Rxg2 44. Kxg2 Nh4+ 45. Kg3 Qf3+ 46. Kxh4 Qf4+ 47. Kh5 Qg5#) 0-1

[Event "20th Heraklion IT Open 2017"]
[Site "Heraklion"]
[Date "2017.04.23"]
[Round "8"]
[White "Lampadariou, Nikolaos"]
[Black "Lirindzakis, Timotheos"]
[Result "0-1"]
[WhiteElo "1948"]
[BlackElo "2177"]
[Annotator "RC"]
[PlyCount "46"]
[EventDate "2017.??.??"]
[EventType "swiss"]
[EventCountry "GRE"]
[SourceTitle "playchess.com"]
[Source "ChessBase"]
[SourceQuality "1"]
[TimeControl "40/5400+30:1800+30"]

1. d4 {[%emt 0:00:00]} Nf6 {[%emt 0:00:24]} 2. c4 {[%emt 0:00:00]} e6 {[%emt 0:00:06]} 3. Nf3 {[%emt 0:00:11]} b6 {[%emt 0:00:28]} 4. e3 {[%emt 0:04:16]} Bb7 {[%emt 0:01:55]} 5. Be2 {[%emt 0:00:37]} d5 {[%emt 0:01:00]} 6. O-O {[%emt 0:00:43]} Bd6 {[%emt 0:02:59]} 7. Nc3 O-O 8. b3 {[%emt 0:05:36]} Nbd7 {[%emt 0:04:05]} 9. Bb2 {[%emt 0:05:06]} a6 {[%emt 0:03:51]} 10. Nd2 {[%emt 0:06:52]} c5 {[%emt 0:08:16]} 11. cxd5 {[%emt 0:06:56]} cxd4 {[%emt 0:04:46]} 12. Nce4 {[%emt 0:02:35]} Nxe4 {[%emt 0:04:23]} 13. Nxe4 {[%emt 0:04:21]} Bxh2+ {[%emt 0:02:07]} 14. Kxh2 {[%emt 0:00:14]} Qh4+ {[%emt 0:00:03]} 15. Kg1 {[%emt 0:00:06]} Qxe4 {[%emt 0:00:18]} 16. Bf3 {[%emt 0:01:37]} Qg6 {[%emt 0:00:33]} 17. Qxd4 {[%emt 0:11:02]} Nc5 {[%emt 0:26:05]} 18. e4 {[%emt 0:10:07]} f5 {[%emt 0:06:07]} 19. b4 {[%emt 0:13:19]} e5 {[%emt 0:06:32]} 20. Qxe5 {[%emt 0:12:21]} Nd3 {[%emt 0:00:06]} 21. Qd4 {[%emt 0:00:17]} Nxb2 {[%emt 0:01:21]} 22. exf5 {[%emt 0:02:50]} Rxf5 {[%emt 0:01:27]} 23. Be4 {[%emt 0:00:09]} Qf6 {[%emt 0:00:08]} 0-1

[Event "20th Heraklion IT Open 2017"]
[Site "Heraklion"]
[Date "2017.04.23"]
[Round "8"]
[White "Bras, Emanouel"]
[Black "Vitsaxakis, Nikolaos"]
[Result "0-1"]
[WhiteElo "1898"]
[BlackElo "1726"]
[Annotator "NA"]
[PlyCount "102"]
[EventDate "2017.??.??"]
[EventType "swiss"]
[EventCountry "GRE"]
[SourceTitle "playchess.com"]
[Source "ChessBase"]
[SourceQuality "1"]
[TimeControl "40/5400+30:1800+30"]

{[%evp 9,102,0,1,32767,22,-8,-14,10,-14,32767,0,32767,0,32767,32767,32767,32767,-10,32767,32767,0,0,24,-20,32767,10,51,30,32767,60,77,62,73,76,79,32767,86,32767,32767,41,39,46,37,31,38,43,32767,32767,32767,14,13,-14,48,17,29,22,16,-124,32767,-382,-461,-439,-32,-77,32767,-62,32767,32767,-65,32767,-82,-122,-85,-366,-277,-243,32767,32767,32767,32767,32767,-626,-487,32767,-476,32767,-150,-157,32767,-95,32767,32767,32767,32767,-530]} 1. d4 {[%emt 0:00:00]} Nf6 {[%emt 0:00:05]} 2. c4 {[%emt 0:00:00]} g6 {[%emt 0:00:04]} 3. Nc3 {[%emt 0:00:33]} d5 {[%emt 0:00:04]} 4. Nf3 {[%emt 0:01:43]} Bg7 {[%emt 0:00:07]} 5. e3 {[%emt 0:00:21]} O-O {[%emt 0:00:21]} 6. h3 {[%emt 0:01:30] LiveBook: 20 Games} b6 {[%emt 0:04:03] D94: Grünfeld: 4 Nf3 Bg7 5 e3} (6... c5 7. cxd5 cxd4 8. exd4 Nxd5 9. Be2 Nc6 10. O-O Be6 11. Ne4 Bf5 12. Ng3 Be6 13. Qa4 Nb6 14. Qa3 Bd5 15. Rd1 Bxf3 16. Bxf3 Nxd4 17. Bg5 Nc4 18. Qb4 {½-½ (39) Pakleza,Z (2499)-Antoniewski,R (2540) Czech Republic 2016}) 7. cxd5 {[%emt 0:02:16]} Nxd5 {[%emt 0:01:35]} 8. Bc4 {[%emt 0:01:38]} Bb7 {[%emt 0:02:47]} 9. O-O {[%emt 0:00:54]} c5 $146 {[%emt 0:01:57]} (9... e6 10. Re1 Na6 11. a3 c5 12. Bxa6 Bxa6 13. Nxd5 exd5 14. b3 {0-1 (83) Szeman,T (1806)-Kemendi,D (1847) Hungary 2014}) 10. Bxd5 {[%emt 0:05:15]} Bxd5 {[%emt 0:01:03]} 11. dxc5 {[%emt 0:08:18]} Bc4 {[%emt 0:09:35]} 12. cxb6 {[%emt 0:00:33]} Qxb6 {[%emt 0:01:49]} 13. Re1 {[%emt 0:04:05]} ({Much weaker is} 13. Nd5 Qb7 14. e4 e6 $17) 13... Rd8 {[%emt 0:05:31]} 14. Bd2 {[%emt 0:00:42]} Na6 {[%emt 0:28:02]} 15. Qa4 {[%emt 0:05:03]} Rac8 {[%emt 0:03:00]} 16. Ne4 {[%emt 0:03:16]} Qb7 {[%emt 0:08:52]} 17. Ba5 $1 {[%emt 0:07:21]} Bb5 {[%emt 0:12:30]} ({Reject} 17... Bxb2 $6 18. Bxd8 Bxa1 19. Qe8+ (19. Rxa1 Qxe4 20. Qd7 Qe6 21. Qxe6 Bxe6 22. Bxe7 Re8 $16) 19... Kg7 20. Qxe7 (20. Rxa1 Qxe4 21. Qxe7 Qxe7 22. Bxe7 Nc7 $16) (20. Nfd2 Bd5 $16) 20... Qxe7 21. Bxe7 $16) 18. Qb3 {[%emt 0:03:34]} Rd3 {[%emt 0:00:34]} 19. Nc3 {[%emt 0:00:26]} Bc6 {[%emt 0:01:50]} 20. Qxb7 {[%emt 0:01:16]} Bxb7 {[%emt 0:00:02]} 21. Rad1 {[%emt 0:04:02]} Rxd1 {[%emt 0:05:34]} 22. Rxd1 {[%emt 0:02:17]} Nc5 {[%emt 0:02:12]} 23. Nb5 {[%emt 0:03:53]} a6 {[%emt 0:02:20]} 24. Nbd4 {[%emt 0:03:12]} e5 {[%emt 0:00:08]} 25. Ne2 {[%emt 0:08:57]} e4 {[%emt 0:00:46]} 26. Nfd4 {[%emt 0:03:02]} Nd3 {[%emt 0:00:23]} 27. Bc3 {[%emt 0:03:54]} Bd5 {[%emt 0:00:55]} 28. a3 {[%emt 0:04:05]} Bc4 {[%emt 0:02:34]} 29. Ng3 {[%emt 0:02:18]} f5 {[%emt 0:00:25]} 30. Nf1 {[%emt 0:01:06]} f4 {[%emt 0:03:01]} (30... Bxd4 $11 31. exd4 (31. Bxd4 Bb3 32. Rb1 Rc2 $15) 31... h5) 31. Nd2 {[%emt 0:05:01]} fxe3 {[%emt 0:00:07]} 32. fxe3 {[%emt 0:00:31]} ({Not} 32. Nxe4 $2 Bxd4 33. fxe3 Bxe3+ 34. Kh2 Nc5 35. Nf6+ Kf7 $19) 32... Bd5 {[%emt 0:00:39]} 33. Rf1 {[%emt 0:04:13]} (33. Nf1 $11) 33... Bh6 {[%emt 0:00:26]} 34. Nc2 $2 {[%emt 0:00:26] [#]} (34. Kh2 $17) 34... Nxb2 $1 {[%emt 0:01:10]} 35. Nb4 {[%emt 0:02:56]} Rxc3 $2 {[%emt 0:01:14]} (35... Bxe3+ $19 36. Kh2 Rxc3 37. Nxd5 Bxd2 38. Nxc3 Bxc3) 36. Nxd5 {[%emt 0:00:42]} Bxe3+ {[%emt 0:00:32]} 37. Nxe3 {[%emt 0:00:33]} Rxe3 {[%emt 0:00:01]} 38. Rb1 {[%emt 0:01:15]} Nd3 {[%emt 0:00:31]} 39. Nc4 {[%emt 0:02:07]} Re2 {[%emt 0:00:29]} 40. Rb8+ {[%emt 0:00:00]} Kg7 {[%emt 0:00:09]} 41. Nd6 $2 {[%emt 0:08:26]} (41. Re8 $17) 41... e3 {[%emt 0:11:17]} 42. Rb7+ {[%emt 0:03:41]} Kf6 {[%emt 0:02:11]} 43. Rb3 {[%emt 0:00:47]} Re1+ {[%emt 0:01:21]} 44. Kh2 {[%emt 0:00:23]} e2 {[%emt 0:06:50]} 45. Rxd3 {[%emt 0:03:47]} Rd1 {[%emt 0:01:24]} 46. Ne4+ {[%emt 0:17:15]} Kg7 {[%emt 0:03:58]} 47. Nf2 {[%emt 0:00:13]} Rf1 $2 {[%emt 0:02:21]} (47... e1=Q $19 48. Nxd1 Qe2) 48. Rd7+ {[%emt 0:00:30]} Kf8 {[%emt 0:00:02]} 49. Nd3 {[%emt 0:00:38]} Rd1 {[%emt 0:00:07]} 50. Rd8+ {[%emt 0:02:05]} Ke7 {[%emt 0:00:18]} 51. Rd5 {[%emt 0:03:55]} e1=Q $19 {[%emt 0:00:21]} 0-1

[Event "20th Heraklion IT Open 2017"]
[Site "Heraklion"]
[Date "2017.04.23"]
[Round "8"]
[White "Fragiadakis, Emanouel"]
[Black "Hristodoulaki, Antonia"]
[Result "1/2-1/2"]
[WhiteElo "1827"]
[BlackElo "1994"]
[Annotator "NA RC"]
[PlyCount "119"]
[EventDate "2017.??.??"]
[EventType "swiss"]
[EventCountry "GRE"]
[SourceTitle "playchess.com"]
[Source "ChessBase"]
[SourceQuality "1"]
[TimeControl "40/5400+30:1800+30"]

{[%evp 8,119,12,32767,25,32767,0,32767,32767,0,0,32767,32767,32767,-33,32767,-74,-68,-26,-43,-14,-94,32767,-68,0,32767,-6,32767,0,32767,0,-42,32767,32767,32767,-16,32767,32767,32767,-12,32767,0,0,-203,32767,-235,-240,-267,-260,-255,-232,-247,-239,-268,-243,-353,-264,-266,-262,-702,32767,32767,-244,-485,-291,32767,-239,32767,-85,32767,32767,32767,32767,32767,32767,32767,32767,32767,-81,32767,32767,32767,-111,32767,32767,-114,32767,32767,-87,32767,32767,32767,32767,32767,-91,32767,-76,-79,-77,-79,-80,-87,-74,-67,-74,32767,-74,-67,32767,32767,-70,32767,-35,-56]} 1. d4 {[%emt 0:04:18]} Nf6 {[%emt 0:06:41]} 2. c4 {[%emt 0:00:10]} e6 {[%emt 0:00:08]} 3. Nf3 {[%emt 0:01:23]} d5 {[%emt 0:00:14]} 4. g3 {[%emt 0:00:06]} dxc4 {[%emt 0:00:34]} 5. Bg2 {[%emt 0:00:09]} Bd7 {[%emt 0:00:39]} 6. Qc2 {[%emt 0:02:37]} c5 {[%emt 0:02:27]} 7. Qxc4 {[%emt 0:01:14]} Bc6 {[%emt 0:01:41]} 8. O-O {[%emt 0:05:16] E04: Open Catalan: 5 Nf3} Nbd7 {[%emt 0:10:31] LiveBook: 25 Games} 9. Bg5 {[%emt 0:19:23]} (9. Nc3 Rc8 10. Be3 b5 11. Qd3 b4 12. Nb1 c4 13. Qc2 Be7 14. a3 b3 15. Qc1 Nb6 {0-1 (34) Radjabov,T (2745)-Anand,V (2783) Stavanger 2013}) 9... Rc8 {[%emt 0:27:29]} 10. dxc5 $146 {[%emt 0:07:06]} (10. Rc1 Be7 11. Nc3 O-O 12. dxc5 b5 13. Nxb5 Bxf3 14. Bxf6 Bxf6 15. Bxf3 Bxb2 {0-1 (29) Hovmoller,K (2289)-Pedersen,S (2375) Denmark 2017}) 10... Bxc5 {[%emt 0:10:28]} 11. Qh4 {[%emt 0:02:03]} Qb6 {[%emt 0:04:11]} 12. Nbd2 {[%emt 0:09:45]} O-O {[%emt 0:09:30]} ({Better is} 12... Qxb2 $17 13. a3 Qb6) 13. Nc4 {[%emt 0:03:01]} Qa6 {[%emt 0:01:35]} 14. Nfe5 {[%emt 0:17:32]} (14. Nce5 $11) 14... Bb5 {[%emt 0:06:46]} (14... Bxg2 $17 15. Kxg2 b5 16. Bxf6 Nxf6) 15. b3 {[%emt 0:08:40]} (15. Rfd1 $11) 15... h6 {[%emt 0:03:12]} 16. Bxf6 {[%emt 0:09:39]} Nxf6 {[%emt 0:00:32]} 17. a4 {[%emt 0:00:18]} Bxc4 {[%emt 0:01:46]} 18. Nxc4 {[%emt 0:00:28]} Rfd8 {[%emt 0:01:08]} 19. Rfd1 {[%emt 0:00:36]} b5 {[%emt 0:02:28]} 20. axb5 {[%emt 0:03:17]} Qxb5 {[%emt 0:00:02]} 21. Rdb1 {[%emt 0:00:38]} Bd4 {[%emt 0:04:33]} 22. Ra5 {[%emt 0:00:48]} Qb4 {[%emt 0:00:44]} 23. Ra4 {[%emt 0:00:31]} Qc3 {[%emt 0:00:36]} 24. Qf4 $1 {[%emt 0:01:08]} Qc2 {[%emt 0:01:44]} 25. Qc1 $2 {[%emt 0:01:17]} (25. Na3 $11 Qc5 26. e3) 25... Qxe2 {[%emt 0:00:39]} 26. Qf1 {[%emt 0:00:02]} Qc2 {[%emt 0:01:32]} 27. Bf3 {[%emt 0:00:11] [#]} Bxf2+ $1 {[%emt 0:00:33]} 28. Kh1 {[%emt 0:00:03]} Bc5 {[%emt 0:01:01]} 29. Rb2 {[%emt 0:01:06]} Qf5 {[%emt 0:00:44]} 30. Ra5 {[%emt 0:00:25]} Nd5 {[%emt 0:00:29]} 31. Qe2 {[%emt 0:00:55]} (31. Bg2 {might work better.}) 31... Qg5 {[%emt 0:00:35]} 32. Rc2 {[%emt 0:00:49]} Nb4 {[%emt 0:00:31]} 33. Rb2 $2 {[%emt 0:00:44]} (33. Rd2) 33... Qc1+ {[%emt 0:00:38]} 34. Kg2 {[%emt 0:00:01]} Qg1+ $2 {[%emt 0:00:26]} (34... Nd3 35. Rxc5 Rxc5) 35. Kh3 {[%emt 0:00:06]} Nd5 {[%emt 0:00:33]} 36. Rd2 {[%emt 0:00:35]} Bb6 {[%emt 0:00:32]} 37. Rd1 {[%emt 0:00:58]} Qf2 $2 {[%emt 0:00:20]} (37... Nc3 $19 {and Black stays clearly on top.} 38. Rxg1 Nxe2 39. Bxe2 Bxg1) 38. Qxf2 {[%emt 0:00:16]} Bxf2 {[%emt 0:00:02]} 39. Bxd5 {[%emt 0:01:12]} exd5 {[%emt 0:00:02]} 40. Rdxd5 {[%emt 0:00:00]} Rxd5 {[%emt 0:01:35]} 41. Rxd5 {[%emt 0:00:40]} Rb8 {[%emt 0:00:16]} 42. Kg2 {[%emt 0:10:10]} Be1 {[%emt 0:03:25]} 43. Kf1 {[%emt 0:00:16]} Bc3 {[%emt 0:01:14]} 44. Ke2 {[%emt 0:00:12]} Rxb3 {[%emt 0:07:24]} 45. Rd3 {[%emt 0:00:08]} a5 {[%emt 0:00:23]} 46. Kd1 {[%emt 0:03:18]} a4 {[%emt 0:01:29]} 47. Kc2 {[%emt 0:00:14]} Bf6 {[%emt 0:01:01]} 48. Rxb3 {[%emt 0:00:21]} axb3+ {[%emt 0:00:12]} 49. Kxb3 {[%emt 0:00:07]} Kh7 {[%emt 0:00:35]} 50. Kc2 {[%emt 0:01:33]} Bd4 {[%emt 0:01:05]} 51. Kd3 {[%emt 0:00:23]} Bg1 {[%emt 0:00:09]} 52. h3 {[%emt 0:00:28]} Bh2 {[%emt 0:00:13]} 53. g4 {[%emt 0:00:48] [#]} h5 $1 {[%emt 0:01:39]} 54. Ke4 {[%emt 0:01:01]} Kg6 {[%emt 0:00:23]} 55. Nd2 $1 {[%emt 0:02:11]} Bc7 {[%emt 0:03:03]} 56. Nf3 {[%emt 0:00:22]} Bg3 {[%emt 0:01:28]} 57. Ng1 {[%emt 0:03:47]} Kf6 {[%emt 0:04:38]} 58. Nf3 {[%emt 0:02:42]} g6 {[%emt 0:01:33]} 59. Kd4 {[%emt 0:01:06]} Ke6 {[%emt 0:02:38]} 60. Ng5+ $15 {[%emt 0:02:47] Kd5+} 1/2-1/2

[Event "20th Heraklion IT Open 2017"]
[Site "Heraklion"]
[Date "2017.04.23"]
[Round "8"]
[White "Pelantakis, Mihail"]
[Black "Mardoyan Ararat, T  Artur"]
[Result "1-0"]
[WhiteElo "1737"]
[BlackElo "1502"]
[Annotator "NA"]
[PlyCount "61"]
[EventDate "2017.??.??"]
[EventType "swiss"]
[EventCountry "GRE"]
[SourceTitle "playchess.com"]
[Source "ChessBase"]
[SourceQuality "1"]
[TimeControl "40/5400+30:1800+30"]

1. d4 {[%emt 0:00:00]} Nf6 {[%emt 0:00:33]} 2. c4 {[%emt 0:00:00]} e6 {[%emt 0:00:06]} 3. Nf3 {[%emt 0:00:00]} b6 {[%emt 0:00:18]} 4. g3 {[%emt 0:00:00]} Bb7 {[%emt 0:00:05]} 5. Bg2 {[%emt 0:00:03]} Bb4+ {[%emt 0:03:26]} 6. Bd2 {[%emt 0:00:12]} Qe7 {[%emt 0:00:08]} 7. O-O {[%emt 0:00:34]} O-O {[%emt 0:01:01]} 8. Nc3 {[%emt 0:01:01]} d5 {[%emt 0:01:20]} 9. cxd5 {[%emt 0:01:24]} Bxc3 {[%emt 0:02:05]} 10. Bxc3 {[%emt 0:01:36]} Bxd5 {[%emt 0:00:53]} 11. Rc1 {[%emt 0:14:06]} Ne4 {[%emt 0:01:43]} 12. a3 {[%emt 0:21:06]} Nxc3 {[%emt 0:01:06]} 13. Rxc3 {[%emt 0:00:10]} a5 {[%emt 0:13:28]} 14. Ne5 {[%emt 0:20:34]} Bxg2 {[%emt 0:06:36]} 15. Kxg2 {[%emt 0:00:12]} f6 {[%emt 0:01:48]} 16. Nd3 {[%emt 0:04:50]} Rd8 {[%emt 0:00:47]} 17. e3 {[%emt 0:01:12]} Na6 {[%emt 0:04:19]} 18. Qc2 {[%emt 0:02:31]} Rac8 {[%emt 0:01:57]} 19. Rc1 {[%emt 0:00:49]} Rd7 {[%emt 0:02:10]} 20. Qa4 {[%emt 0:03:19]} Rd5 {[%emt 0:25:22]} 21. b4 {[%emt 0:03:52]} Qd7 {[%emt 0:01:47]} 22. Qxd7 {[%emt 0:03:19]} Rxd7 {[%emt 0:00:03]} 23. bxa5 {[%emt 0:04:47]} bxa5 {[%emt 0:00:04]} 24. Rc6 {[%emt 0:00:10]} e5 {[%emt 0:00:53]} 25. Rxa6 {[%emt 0:01:10]} exd4 {[%emt 0:01:30]} 26. exd4 {[%emt 0:00:14]} Rxd4 {[%emt 0:00:07]} 27. Nc5 {[%emt 0:00:59]} a4 {[%emt 0:07:22]} 28. Nxa4 {[%emt 0:00:46]} Rd2 {[%emt 0:01:48]} 29. Nb6 {[%emt 0:01:22]} Re8 {[%emt 0:00:30]} 30. Rxc7 {[%emt 0:00:12]} h6 {[%emt 0:00:02]} 31. Raa7 {[%emt 0:03:43]} 1-0

[Event "20th Heraklion IT Open 2017"]
[Site "Heraklion"]
[Date "2017.04.23"]
[Round "8"]
[White "Papidakis, Georgios"]
[Black "Sourgkounis, Angelos"]
[Result "0-1"]
[WhiteElo "1618"]
[BlackElo "1960"]
[Annotator "NA RC"]
[PlyCount "70"]
[EventDate "2017.??.??"]
[EventType "swiss"]
[EventCountry "GRE"]
[SourceTitle "playchess.com"]
[Source "ChessBase"]
[SourceQuality "1"]
[TimeControl "40/5400+30:1800+30"]

{[%evp 8,67,53,32767,51,45,58,32767,32767,32767,32767,32767,32767,16,16,-79,32767,32767,32767,32767,-43,32767,32767,32767,-80,-66,32767,32767,-131,-135,-131,32767,-73,32767,32767,-112,-116,32767,-147,-279,32767,32767,-276,32767,-432,-423,-329,-652,32767,-497,32767,-456,-429,-811,-970,-1247,-1110,-1270,32767,-29990,-29993,-29997]} 1. d4 {[%emt 0:00:00]} Nf6 {[%emt 0:01:45]} 2. Nf3 {[%emt 0:00:00]} d6 {[%emt 0:01:35]} 3. Bg5 {[%emt 0:00:23]} Ne4 {[%emt 0:01:58]} 4. Bh4 {[%emt 0:03:37] A46: 1 d4 Nf6 2 Nf3 e6: Torre, London and Colle Systems} c6 {[%emt 0:04:38]} (4... c5 5. dxc5 Nxc5 6. c4 Nc6 7. Nc3 g6 8. Qd2 Bg7 9. e3 O-O 10. Be2 b6 11. O-O Bb7 {½-½ (44) Debashis,D (2477)-Ganguly,S (2623) Dubai 2013}) 5. Nbd2 {[%emt 0:01:37]} Bf5 {[%emt 0:02:28]} 6. e3 {[%emt 0:03:17]} Qb6 {[%emt 0:03:33]} 7. Nc4 $146 {[%emt 0:07:21]} (7. Rb1 Nd7 8. Nxe4 Bxe4 9. Bd3 Bxf3 10. Qxf3 g5 11. Bg3 h5 {1-0 (32) Stava,S (1568)-Johansen,P (1937) Kragero 2005}) 7... Qc7 {[%emt 0:01:49]} 8. Bd3 {[%emt 0:01:45]} d5 {[%emt 0:02:47]} 9. Ncd2 {[%emt 0:00:15]} Nd7 {[%emt 0:06:23]} 10. O-O {[%emt 0:15:54]} e6 {[%emt 0:00:44]} 11. c3 {[%emt 0:01:11]} (11. Bxe4 $14 {stays ahead.} dxe4 12. Bg3) 11... Bd6 {[%emt 0:00:44]} 12. Be2 {[%emt 0:04:29]} h6 {[%emt 0:01:47]} 13. Rc1 {[%emt 0:03:49]} b5 {[%emt 0:16:00]} 14. Bg3 {[%emt 0:04:31]} Nxg3 {[%emt 0:01:53]} 15. hxg3 {[%emt 0:00:10]} O-O {[%emt 0:03:00]} 16. Ne1 {[%emt 0:10:29]} e5 {[%emt 0:04:06]} 17. Bd3 {[%emt 0:11:59]} e4 {[%emt 0:02:15]} 18. Be2 {[%emt 0:00:02]} Be6 {[%emt 0:03:21]} 19. Nc2 {[%emt 0:09:54]} Qd8 {[%emt 0:02:55]} 20. Nb4 {[%emt 0:05:04]} Rc8 {[%emt 0:01:43]} 21. Nc2 {[%emt 0:03:55]} Qg5 {[%emt 0:01:44]} 22. b3 {[%emt 0:01:51]} Nf6 {[%emt 0:01:36]} 23. Re1 {[%emt 0:02:12]} (23. c4 $142) 23... h5 {[%emt 0:02:16]} 24. Nf1 {[%emt 0:03:44]} g6 {[%emt 0:03:59]} 25. a4 {[%emt 0:01:21]} bxa4 {[%emt 0:00:48]} 26. bxa4 {[%emt 0:00:02]} Kg7 {[%emt 0:00:11]} 27. Rb1 $2 {[%emt 0:01:19]} (27. Nh2) 27... Rh8 {[%emt 0:01:16]} 28. Ba6 {[%emt 0:01:44]} Rb8 {[%emt 0:01:23]} 29. Rxb8 {[%emt 0:00:49]} Bxb8 {[%emt 0:00:05]} ({Resist} 29... Rxb8 30. c4 $19) 30. Be2 $2 {[%emt 0:00:05]} (30. f3) 30... h4 {[%emt 0:00:08]} 31. gxh4 {[%emt 0:00:06]} Qxh4 {[%emt 0:00:41]} 32. f3 {[%emt 0:01:26]} Bg3 {[%emt 0:03:52]} 33. Nxg3 {[%emt 0:00:36]} Qxg3 {[%emt 0:00:02]} 34. Na3 {[%emt 0:01:20]} Rh2 {[%emt 0:03:29]} 35. Bf1 {[%emt 0:00:17]} Qh4 {[%emt 0:00:11]} 0-1